[Event "SVK Extraliga 2019-20"]
[Site "Slovakia"]
[Date "2020.03.01"]
[Round "8.2"]
[White "Vovk, Yuri"]
[Black "Stohl, Igor"]
[Result "1-0"]
[WhiteElo "2566"]
[BlackElo "2472"]
[Annotator "TA"]
[PlyCount "73"]
[EventDate "2019.10.19"]
[EventType "team-tourn"]
[EventCountry "SVK"]
[SourceTitle "playchess.com"]
[Source "ChessBase"]
[SourceQuality "1"]
[WhiteTeam "Kosice"]
[BlackTeam "Modra"]

{[%evp 15,73,14,6,4,10,0,26,33,31,8,30,25,51,44,52,51,48,34,87,31,92,88,83,81,81,81,81,88,88,88,89,89,89,97,145,93,88,81,77,83,91,86,86,91,97,97,101,110,99,88,146,138,145,145,159,143,177,179,177,170]} 1. d4 Nf6 2. c4 e6 3. Nc3 Bb4 4. Qc2 O-O 5. a3 Bxc3+ 6. Qxc3 d5 7. Nf3 dxc4 8. Qxc4 b6 9. Bg5 {E36: Nimzo-Indian: Classical: 4...d5 5 a3.} Ba6 {9...Bb7 is more fashionable. Played by Kirill Alekseenko in November 2019.} 10. Qa4 c5 11. dxc5 {White has an edge.} bxc5 12. Rc1 Qb6 13. Bxf6 gxf6 14. Rc2 $1 Nc6 {Hoping for ...c4.} 15. e3 Bxf1 16. Kxf1 Ne5 (16... Rad8 $14) 17. Ke2 (17. Nxe5 $16 fxe5 18. Qh4) 17... Rab8 (17... Nxf3 $14 18. Kxf3 (18. gxf3 Rfd8 $11) 18... Rad8) 18. Nxe5 $16 fxe5 19. Rhc1 Qb5+ 20. Qxb5 Rxb5 {[%mdl 4096] Endgame KRR-KRR} 21. Kf3 {[#]} f5 $146 ({Predecessor:} 21... Rd8 22. Rxc5 Rxb2 23. Rxe5 Rdd2 24. Rf1 Kg7 25. Ra5 Rd7 26. g4 Ra2 27. Kg3 Rd3 28. Rxa7 Rdxa3 29. Rxa3 Rxa3 {1-0 (70) Turova,I (2421)-Johansson,L (2391) Stockholm 2015}) 22. Rxc5 e4+ 23. Kf4 Rxb2 24. R1c2 Rb3 25. Ra5 ({White should try} 25. a4 $1) 25... Rf7 26. Ke5 Rb6 27. g3 Rd7 {[#]} 28. g4 $1 {[%mdl 512]} fxg4 29. Kxe4 h6 30. Kf4 Rg7 31. Kg3 Kh7 32. Rc4 Rb1 {[#]} ({Better is} 32... Rb2) 33. Kg2 $1 {White is clearly better.} Rb2 {[#]} 34. Rf4 $1 Ra2 35. Rf6 e5 36. Rxe5 Rxa3 37. Ree6 {Accuracy: White = 92%, Black = 69%.} 1-0

[Event "SVK Extraliga 2019-20"]
[Site "Slovakia"]
[Date "2020.03.01"]
[Round "8.2"]
[White "Zilka, Stepan"]
[Black "Gazik, Viktor"]
[Result "1-0"]
[WhiteElo "2549"]
[BlackElo "2508"]
[Annotator "TA"]
[PlyCount "113"]
[EventDate "2019.10.19"]
[EventType "team-tourn"]
[EventCountry "SVK"]
[SourceTitle "playchess.com"]
[Source "ChessBase"]
[SourceQuality "1"]
[WhiteTeam "Prakovce"]
[BlackTeam "Podhajska"]

{[%evp 19,113,50,71,69,90,70,79,76,108,90,117,79,122,95,106,92,93,48,37,0,14,0,17,13,24,30,24,22,103,100,97,94,93,9,49,34,41,22,35,27,29,0,0,0,-5,-60,0,-26,0,0,92,89,160,147,156,154,112,107,193,198,183,176,731,726,704,679,1184,1147,785,595,533,509,552,505,510,0,545,545,1043,1093,987,972,29992,654,698,642,633,668,624,646,1270,886,969,954,1216,1177]} 1. e4 c5 2. Nf3 d6 3. d4 Nf6 4. Nc3 cxd4 5. Nxd4 a6 6. Be3 Ng4 7. Bc1 Nf6 8. f3 g6 9. Be3 Bg7 10. Qd2 Nbd7 11. g4 {B75: Sicilian Dragon: Yugoslav Attack, Miscellaneous.} b5 12. O-O-O Bb7 13. h4 $1 {White is better.} Nb6 14. h5 Rc8 15. a3 {[#]} Nfd7 $146 ({Predecessor:} 15... Rg8 16. Qf2 Nfd7 17. hxg6 hxg6 18. Rh7 Rxc3 19. bxc3 Qc7 20. c4 bxc4 21. Ne2 Na4 22. Bd4 e5 23. Ba1 Ndc5 {1-0 (34) Mijovic,S (2300)-Jakic,V (2154) Budva 2009}) 16. h6 Bf8 17. Nb3 e6 18. Bg5 Qc7 19. Be2 d5 20. Na5 Ba8 21. exd5 Nxd5 22. Nxd5 Bxd5 23. Kb1 Bd6 {[#]} (23... Be7 $1 $11 {keeps the balance.} 24. Bxe7 Kxe7) 24. c4 $1 $16 {[%cal Rc4d5][%mdl 512]} bxc4 {[#]} 25. Nxc4 $1 {[%mdl 512]} O-O (25... Bxc4 26. Bxc4) 26. Ne3 ({White should try} 26. Rc1 $16) 26... Nb6 27. Rc1 $1 {[%cal Rc1c7]} ({Of course not} 27. Nxd5 Nxd5 28. Rc1 (28. Bxa6 Ra8 $19) 28... Qb6 $15) 27... Qb8 28. Rxc8 Rxc8 29. Bxa6 Rc6 {White must now prevent ...Na4.} 30. Rc1 {Hoping for Rxc6.} ({Not} 30. Nxd5 $2 Nxd5 31. Bd3 Bxa3 $19) 30... Rxc1+ 31. Qxc1 Bxf3 32. Bb5 ({Better is} 32. Qc3 $11 Be5 33. Qb3) 32... Be5 (32... Bf8 $15 33. Qc3 Qg3) 33. a4 (33. Bc6 $5 {[%cal Rc6f3]} Nd5 34. Nxd5 exd5 35. Bd7 $11) 33... Be4+ 34. Ka2 $1 Qa8 (34... f6 $11 {remains equal.} 35. Bh4 Bf4) 35. b3 f6 ({Black should play} 35... Qb8) 36. Qc5 $1 {[%cal Rc5b6]} Nd5 37. Nxd5 Bxd5 38. Bd2 Kf7 (38... Qf8 $16 {is a better defense.} 39. Bb4 Qxc5 40. Bxc5 Kf7) 39. Bc3 $18 Bf4 {[#]} 40. a5 $1 $40 {[%cal Ba4a5,Ba5a6][%mdl 160] White attacks with force.} g5 $2 (40... Qf8 41. Qxf8+ Kxf8) 41. Bb4 {Qe7+ would kill now.} Qd8 42. a6 Bc7 43. Qc2 {[%cal Rc2h7]} Kg8 44. Bd3 Qd7 45. Ba3 Bb6 {[#]} 46. Bb5 $1 {[%mdl 512]} Qd8 (46... Qxb5 47. Qc8+) 47. Bd3 Qd7 48. Qc3 Bd4 49. Qb4 {[%csl Ga3][%cal Rb4f8]} Qd8 50. Bc4 Qc8 {[#]} 51. Bb2 (51. a7 $142 $1 {[%mdl 512]} Qc5 (51... Bxa7 52. Qe7) 52. Qxc5 Bxc5 53. Bxc5 Kf7 54. Bxd5 f5 55. a8=Q fxg4 56. Be4 Kf6 57. Qh8+ {[%mdl 64] Double Attack} Kf7 58. Qf8#) 51... Bc5 {White is clearly winning.} 52. Qb5 Be4 53. Bxf6 {And now Be7! would win.} Kf7 54. Be5 Ba7 55. Bb2 {Strongly threatening Qe5.} Bc5 56. Bd3 Bd5 57. Bxh7 {Accuracy: White = 74%, Black = 53%.} 1-0

[Event "SVK Extraliga 2019-20"]
[Site "Slovakia"]
[Date "2020.03.01"]
[Round "8.2"]
[White "Pechac, Jergus"]
[Black "Banusz, Tamas"]
[Result "0-1"]
[WhiteElo "2499"]
[BlackElo "2624"]
[Annotator "TA"]
[PlyCount "52"]
[EventDate "2019.10.19"]
[EventType "team-tourn"]
[EventCountry "SVK"]
[SourceTitle "playchess.com"]
[Source "ChessBase"]
[SourceQuality "1"]
[WhiteTeam "Zilina"]
[BlackTeam "Slovan"]

{[%evp 20,52,7,13,41,36,37,37,41,39,60,47,45,41,68,35,39,36,83,92,93,25,22,0,0,-171,-176,-177,-168,-875,-260,-875,-875,-29990,-29991]} 1. d4 d5 2. c4 e6 3. Nf3 Nf6 4. Nc3 Nbd7 5. cxd5 exd5 6. Bg5 c6 7. e3 Bd6 8. Bd3 O-O 9. Qc2 h6 10. Bh4 Re8 11. O-O a5 {D36: Queen's Gambit Declined: Exchange Variation: Main line (5 Bg5 c6 6 Qc2).} 12. Rfe1 g5 13. Bg3 Bxg3 {White is slightly better.} 14. hxg3 {[#]} Ng4 $146 ({Predecessor:} 14... Qe7 15. e4 dxe4 16. Nxe4 Qb4 17. Nxf6+ Nxf6 18. Rxe8+ Nxe8 19. Bc4 Kg7 20. Bxf7 Kxf7 {1-0 (27) Vogel,J (2300)-Sielaff,M Berlin West 1987}) 15. e4 dxe4 16. Nxe4 Nb6 17. Qc5 Nd5 18. Nd6 Rxe1+ 19. Rxe1 {aiming for Re8+.} Be6 {...b6 would now be nice for Black.} 20. Nxb7 ({White should play} 20. Ne5 $1 $16) 20... Qb8 $1 $11 {[%cal Rb8b7]} 21. Rxe6 (21. Nxa5 {seems wilder.} Qxb2 22. Rf1 Kg7 23. a4 Qc3 24. Qxc3 Nxc3 25. Nxc6 Rxa4 26. Nfe5) 21... fxe6 22. Nxa5 $2 (22. Nd6 $11) 22... Qxb2 $19 23. Qxc6 {[#]} Kg7 $1 $40 {[%mdl 128] Black goes for the king.} ({Don't blunder} 23... Rxa5 $2 24. Qxe6+ Kg7 25. Qd7+ Kf8 26. Qxg4 $18) ({Don't take} 23... Qxf2+ 24. Kh1 $15) 24. Qxe6 $2 (24. Qxa8 Qxf2+ 25. Kh1 Nge3 26. Qb7+ Kf6 27. Qb2 Qxb2 28. Bf1 Nxf1 29. Nc4 Qf2 30. Nd6 Nxg3+ 31. Kh2 Ne3 32. Ne8+ {[#]} Kf7 $1 {[%mdl 512]} 33. Nh4 Kxe8 34. a4 Ne2 35. Kh3 Qxh4#) (24. Nc4 Qxf2+ 25. Kh1) 24... Qxf2+ 25. Kh1 Ndf6 26. Nc6 Rxa2 {Accuracy: White = 49%, Black = 88%.} 0-1

[Event "SVK Extraliga 2019-20"]
[Site "Slovakia"]
[Date "2020.03.01"]
[Round "8.2"]
[White "Stohl, Igor"]
[Black "Vovk, Yuri"]
[Result "*"]
[WhiteElo "2472"]
[BlackElo "2566"]
[Annotator "TA"]
[PlyCount "34"]
[EventDate "2019.10.19"]
[EventType "team-tourn"]
[EventCountry "SVK"]
[SourceTitle "playchess.com"]
[Source "ChessBase"]
[SourceQuality "1"]
[WhiteTeam "Modra"]
[BlackTeam "Kosice"]

{[%evp 15,21,20,13,15,14,0,11,12]} 1. d4 Nf6 2. c4 e6 3. Nc3 Bb4 4. Qc2 O-O 5. a3 Bxc3+ 6. Qxc3 d5 7. Nf3 dxc4 8. Qxc4 b6 {The position is equal.} 9. Bg5 {E36: Nimzo-Indian: Classical: 4...d5 5 a3.} Ba6 {9...Bb7 might become the main line. Played by Kirill Alekseenko in November 2019.} 10. Qa4 c5 11. dxc5 {[#] An uneventful encounter.} {Predecessor:} bxc5 $146 12. Rc1 Qb6 13. Bxf6 gxf6 14. Rc2 Rd8 15. e3 Bxf1 16. Rxf1 Nc6 17. Ke2 Na5 {½-½ (26) Lenderman,A (2637)-Sevian,S (2642) Saint Louis 2019} *

[Event "SVK Extraliga 2019-20"]
[Site "Slovakia"]
[Date "2020.03.01"]
[Round "8.2"]
[White "Miesbauer, Jan"]
[Black "Nemeth, Miklos"]
[Result "1-0"]
[WhiteElo "2380"]
[BlackElo "2502"]
[Annotator "TA"]
[PlyCount "99"]
[EventDate "2019.10.19"]
[EventType "team-tourn"]
[EventCountry "SVK"]
[SourceTitle "playchess.com"]
[Source "ChessBase"]
[SourceQuality "1"]
[WhiteTeam "Liptovska"]
[BlackTeam "Streda"]

{[%evp 21,99,-8,0,0,4,12,115,101,152,87,98,104,105,39,46,39,121,122,133,131,129,119,195,193,208,179,216,212,209,196,205,206,181,206,269,289,280,204,189,175,262,239,248,244,406,381,393,379,483,461,413,305,519,511,472,257,235,254,554,534,481,18,1041,1008,6187,5610,29977,29978,29977,29978,29982,29983,29984,29985,29986,29987,29989,29990,29990,29985]} 1. d4 Nf6 2. c4 e6 3. g3 Bb4+ 4. Bd2 Be7 5. Bg2 O-O 6. Nf3 b6 7. O-O c6 8. Bf4 d5 9. Qc2 Ba6 10. b3 Nbd7 11. Rd1 Rc8 12. Nc3 {E15: Queen's Indian: 4 g3 sidelines, 4 g3 Ba6 and 4 g3 Bb7 early deviations.} dxc4 13. bxc4 {[#]} b5 $146 (13... Bxc4 $11 {keeps the balance.} 14. Nd2 Bb5) ({Predecessor:} 13... Bxc4 14. Nd2 Ba6 15. Qa4 Bb7 16. Qxa7 Ba8 17. e4 Bb4 18. Rac1 Nh5 19. a3 Bxc3 20. Rxc3 Nxf4 21. gxf4 {0-1 (42) Lalith,B (2556)-Inarkiev,E (2692) Moscow 2019}) 14. Ne5 {White is better.} Nb8 (14... Nxe5 $142 15. dxe5 {[%mdl 64] Discovered Attack} Nd7) 15. Ne4 (15. Rab1 $142) 15... bxc4 $16 16. Nxf6+ Bxf6 17. Rab1 (17. Nxc4 $16 {Nd6 is the strong threat.} Bxc4 18. Qxc4) 17... Bxe5 $1 $14 18. dxe5 Qe7 (18... Qa5 $14) 19. Be4 $16 {[%mdl 1024] White has strong compensation.} h6 20. Qc3 $1 Rfd8 21. Rd6 Bb5 {[#]} (21... Rd7 $16 22. Bc2 Rdc7) 22. Bc2 $1 $18 Rxd6 23. exd6 Qd8 24. a4 Ba6 25. Qe3 Nd7 {[%cal Bb8d7,Bd7f6,Bf6g4][%mdl 32]} 26. Qxa7 $40 {[%mdl 128] White has strong attack.} Ra8 27. Qe3 Nf6 28. Be5 Ng4 29. Qe4 {Intending Qh7+ and mate.} f5 30. Qd4 Qd7 (30... Qa5 {keeps fighting.}) 31. h3 Nxe5 32. Qxe5 Kf7 $2 (32... Rd8 {was worth a try.} 33. Rd1 Bb7) 33. e4 g6 34. Re1 Rd8 35. exf5 gxf5 36. Qa5 Qc8 $2 {[#]} (36... Bc8 37. Bxf5 Qxd6) 37. Bxf5 $1 {[%mdl 512]} Rxd6 (37... exf5 38. Re7+) 38. Bg4 (38. Qe5 $142 Qd7 39. Bg4) 38... c5 39. Qc3 Qd7 $2 (39... Bb7 {is a better defense.} 40. Qe3 (40. Qxc4 Qc6 $16) (40. Bh5+ Ke7 $18) 40... Ke7 41. Qxh6 Qc6) 40. Qh8 Ke7 41. Re4 $2 (41. Rb1 $18 Qe8 42. Qxh6) 41... Qxa4 $2 {[%mdl 8192] [#] This move loses the game for Black.} (41... Bb7 $11 42. Re1 Qc6) 42. Bxe6 $1 {[%mdl 512]} Qd1+ {[#]} (42... Rxe6 43. Qg7+) 43. Kh2 $1 {[%mdl 512] Bc8+ would kill now.} Rxe6 44. Qg7+ {White mates.} Kd6 45. Qf8+ Kd5 46. Qf5+ {[%mdl 64] Double Attack} Kc6 47. Rxe6+ Kb5 48. Qf6 Bc8 49. Rb6+ Ka5 {[#]} 50. Qc6 $1 {Accuracy: White = 76%, Black = 37%.} 1-0

[Event "SVK Extraliga 2019-20"]
[Site "Slovakia"]
[Date "2020.03.01"]
[Round "8.3"]
[White "Antal, Gergely"]
[Black "Kociscak, Jiri"]
[Result "1-0"]
[WhiteElo "2562"]
[BlackElo "2488"]
[Annotator "TA"]
[PlyCount "63"]
[EventDate "2019.10.19"]
[EventType "team-tourn"]
[EventCountry "SVK"]
[SourceTitle "playchess.com"]
[Source "ChessBase"]
[SourceQuality "1"]
[WhiteTeam "Slovan"]
[BlackTeam "Zilina"]

{[%evp 14,63,44,27,27,23,16,8,16,15,15,23,30,21,32,21,8,10,69,71,70,64,86,52,54,62,402,412,495,514,515,507,488,453,479,315,298,308,623,610,623,618,611,607,1302,1291,1181,1190,1125,1112,968,905]} 1. e4 e5 2. Nf3 Nc6 3. Bc4 Nf6 4. Ng5 d5 5. exd5 Na5 6. Bb5+ c6 7. dxc6 bxc6 8. Qf3 Be7 {C58: Two Knights: 4 Ng5 d5 5 exd5 Na5 sidelines.} 9. Bd3 O-O 10. Nc3 $1 {The main line 10.Nc3 scores better than 10.0-0.} h6 {The position is equal.} 11. Nge4 Nd5 12. Ng3 Nb4 13. Nf5 $40 {[%mdl 128] White has some attack.} Bg5 $1 14. h4 Nxd3+ 15. cxd3 Bf4 {[#]} (15... Be7 $11) 16. Nxg7 $146 {[%mdl 512]} ({Predecessor:} 16. Ng3 Bxg3 17. Qxg3 Ba6 18. O-O Qxd3 19. Qxd3 Bxd3 20. Re1 f6 21. b3 Rfd8 22. Bb2 {1-0 (98) Teerapabpaisit,W (2248)-Babarykin,S (2339) Baku 2016}) 16... Kxg7 17. g3 {[#] Strongly threatening b4.} h5 $1 {Hoping for ...Bg4.} 18. gxf4 (18. Qxh5 Bh6) 18... Bg4 19. Rg1 $1 Kh6 $2 {[%mdl 8192] Loses the game.} (19... Kh7 $1 $14 20. Rxg4 hxg4 21. Qxg4 Qxd3) 20. Qe3 $18 exf4 21. Qxf4+ Kh7 22. f3 Qxh4+ 23. Kd1 Qf2 24. Rxg4 hxg4 25. Qxg4 f5 $2 (25... Rfd8) 26. Qh5+ {White is clearly winning.} Kg7 27. b4 {aiming for Bb2.} Rad8 28. Ne2 {Black must now prevent Bb2+.} ({Wrong is} 28. bxa5 $2 Qf1+ 29. Kc2 Qxd3+ 30. Kd1 Rh8 $19) 28... Rfe8 29. Bb2+ Kf8 30. Qxf5+ {[%mdl 64] Double Attack} Ke7 31. Bf6+ Kd6 32. Nc3 {Accuracy: White = 92%, Black = 60%.} 1-0

[Event "SVK Extraliga 2019-20"]
[Site "Slovakia"]
[Date "2020.03.01"]
[Round "8.3"]
[White "Mihok, Oliver"]
[Black "Leniart, Arkadiusz"]
[Result "1/2-1/2"]
[WhiteElo "2558"]
[BlackElo "2484"]
[Annotator "TA"]
[PlyCount "91"]
[EventDate "2019.10.19"]
[EventType "team-tourn"]
[EventCountry "SVK"]
[SourceTitle "playchess.com"]
[Source "ChessBase"]
[SourceQuality "1"]
[WhiteTeam "Podhajska"]
[BlackTeam "Prakovce"]

{[%evp 17,91,0,0,0,0,0,0,0,16,4,18,15,15,6,13,13,16,0,17,18,22,13,14,9,13,2,14,0,0,0,0,0,0,-23,-22,-23,-22,-15,0,0,0,-14,-8,-8,-8,-12,0,-23,0,-18,-16,-4,0,0,0,0,0,0,0,0,8,8,8,0,0,0,0,0,0,0,0,0,0,0,0,0]} 1. e4 e5 2. Nc3 Nf6 3. Nf3 Nc6 4. d4 exd4 5. Nxd4 Bb4 6. Nxc6 bxc6 7. Bd3 d5 8. exd5 cxd5 9. O-O O-O 10. h3 {C47: Scotch Four Knights and Four Knights with 4 g3.} c6 11. Qf3 Bd6 12. Bf4 Rb8 13. b3 Rb4 14. Bxd6 Qxd6 15. Rfe1 Be6 16. Ne2 Re8 17. Rad1 {[#]} Qc7 $146 ({Predecessor:} 17... Rb7 18. c4 Rbe7 19. Qf4 Qxf4 20. Nxf4 dxc4 21. bxc4 g6 22. Rd2 Bc8 23. Rxe7 Rxe7 {0-1 (53) Engel,L (2383)-Matviishen,V (2405) Prague 2016}) 18. c3 Rbb8 19. Nf4 Bd7 20. Nh5 Nxh5 21. Qxh5 g6 22. Qf3 Qa5 23. Bb1 Kg7 24. Re3 Qc5 25. b4 (25. Bd3 {is interesting.} Rxe3 26. Qxe3 Qxe3 27. fxe3 Kf6 28. e4) 25... Rxe3 26. Qxe3 Qxe3 27. fxe3 $11 {[%mdl 4096] Endgame KRB-KRB} f5 28. Bc2 Kf6 29. a3 Ke5 30. Kf2 {[#]} c5 $1 {[%mdl 512]} 31. Ke2 {[#]} (31. bxc5 Rb2) 31... a5 $1 {[%cal Rc5b4][%mdl 512]} 32. Rb1 (32. bxa5 Ra8) 32... cxb4 33. axb4 {The position is equal.} axb4 34. cxb4 Bb5+ 35. Bd3 d4 36. Bxb5 Rxb5 {KR-KR} 37. Kd3 dxe3 38. Kxe3 h5 39. h4 f4+ 40. Kf3 Kf5 $1 41. Rb3 g5 42. hxg5 Kxg5 43. Ke4 h4 44. Kd4 f3 45. Rxf3 {Strongly threatening Kc4.} Rxb4+ 46. Ke3 {An uneventful encounter. Accuracy: White = 100%, Black = 100%.} 1/2-1/2

[Event "SVK Extraliga 2019-20"]
[Site "Slovakia"]
[Date "2020.03.01"]
[Round "8.3"]
[White "Vetoshko, Volodymyr"]
[Black "Jablonicky, Martin"]
[Result "*"]
[WhiteElo "2503"]
[BlackElo "2273"]
[Annotator "TA"]
[PlyCount "38"]
[EventDate "2019.10.19"]
[EventType "team-tourn"]
[EventCountry "SVK"]
[SourceTitle "playchess.com"]
[Source "ChessBase"]
[SourceQuality "1"]
[WhiteTeam "Kosice"]
[BlackTeam "Modra"]

{[%evp 15,18,32,47,54,70]} 1. d4 f5 2. g3 Nf6 3. Bg2 g6 4. Nf3 Bg7 5. O-O O-O 6. c4 d6 7. Nc3 Qe8 {7...c6 deserves study. Played by Nikita Vitiugov in November 2019.} 8. b3 c6 9. Re1 {A88: Dutch Defence: Leningrad System: 5 Nf3 0-0 6 0-0 d6 7 Nc3 c6.} Ne4 {[#]} {Predecessor:} 10. Qc2 $146 Nxc3 11. Qxc3 Nd7 12. e4 fxe4 13. Rxe4 Nc5 14. Re3 Bg4 15. Bb2 Ne6 16. Rae1 Qc8 17. h3 Bxf3 18. Rxe6 Bxg2 19. Kxg2 Bf6 {½-½ (19) Jablonicky,M (2250)-Vetoshko,V (2497) Slovakia 2020} *

[Event "SVK Extraliga 2019-20"]
[Site "Slovakia"]
[Date "2020.03.01"]
[Round "8.3"]
[White "Bagi, Mate"]
[Black "Hausner, Ivan"]
[Result "1/2-1/2"]
[WhiteElo "2486"]
[BlackElo "2349"]
[Annotator "TA"]
[PlyCount "80"]
[EventDate "2019.10.19"]
[EventType "team-tourn"]
[EventCountry "SVK"]
[SourceTitle "playchess.com"]
[Source "ChessBase"]
[SourceQuality "1"]
[WhiteTeam "Streda"]
[BlackTeam "Liptovska"]

{[%evp 20,80,45,30,79,73,80,39,38,17,10,18,9,13,23,10,18,9,11,12,24,12,5,3,12,12,12,12,12,12,22,22,22,22,22,29,29,29,29,18,18,18,18,12,12,12,12,12,12,12,12,8,8,8,18,0,8,8,8,8,8,8,8]} 1. e4 c5 2. Nf3 Nf6 3. e5 Nd5 4. Nc3 e6 5. Nxd5 exd5 6. d4 Nc6 7. dxc5 Bxc5 8. Qxd5 d6 9. exd6 Qb6 10. Qe4+ Be6 11. Qh4 O-O {B29: Sicilian: 2 Nf3 Nf6 (Nimzowitsch Variation).} 12. Bd3 {[%csl Gd3][%cal Rh4h7] [#]} Qb4+ 13. Qxb4 (13. c3 {is more complex.} Qxh4 14. Nxh4 Rad8 15. Bf4 h6 16. Nf3) 13... Nxb4 {White is slightly better.} 14. O-O (14. Ng5 {with more complications.} Nxd3+ 15. cxd3 Bd5 16. Ne4 Rfe8 17. O-O) 14... Nxd3 15. cxd3 {[#]} Rfd8 $146 ({Predecessor:} 15... Rad8 16. Be3 Bxd6 17. Bxa7 Ra8 18. Bd4 Bxa2 19. Rfe1 Bd5 20. Nd2 Rxa1 21. Rxa1 Rc8 {½-½ (46) De Jong,P-Van den Hoeven,P corr 1988}) 16. Be3 Bxd6 17. Rfc1 h6 18. a3 Bd5 19. Rc2 Be7 20. Rac1 Bf6 21. d4 Bxf3 22. gxf3 Bxd4 23. Bxd4 Rxd4 24. Rc8+ Rxc8 25. Rxc8+ $11 {[%mdl 4096] Endgame KR-KR} Kh7 26. Rc7 {[%mdl 64] [#] Double Attack} b5 27. Rxa7 Rd3 28. Rxf7 Rb3 $1 29. Rb7 Rxb2 {The position is equal.} 30. a4 b4 31. a5 Ra2 32. Rxb4 Rxa5 33. Kg2 Rg5+ 34. Rg4 {Threatens to win with Rxg5.} Rf5 35. h4 Ra5 36. Kg3 Ra1 37. Kg2 Ra5 38. Rc4 Rb5 39. Re4 Kg6 40. Rg4+ Kf6 {Accuracy: White = 96%, Black = 96%.} 1/2-1/2

[Event "SVK Extraliga 2019-20"]
[Site "Slovakia"]
[Date "2020.03.01"]
[Round "8.3"]
[White "Motuz, Karol"]
[Black "Markos, Jan"]
[Result "0-1"]
[WhiteElo "2366"]
[BlackElo "2568"]
[Annotator "TA"]
[PlyCount "140"]
[EventDate "2019.10.19"]
[EventType "team-tourn"]
[EventCountry "SVK"]
[SourceTitle "playchess.com"]
[Source "ChessBase"]
[SourceQuality "1"]
[WhiteTeam "Dubnica"]
[BlackTeam "Snina"]

{[%evp 9,140,19,15,-6,0,-37,-32,-34,-36,-36,-43,-47,-47,-35,-17,-19,-22,-19,0,0,23,26,31,26,31,14,23,-12,-14,-15,-12,-8,-15,-23,-21,-18,-11,-23,-27,-24,-11,-33,-2,-21,-21,-21,-21,-21,-21,-21,-22,-22,-22,-22,-25,-70,-25,-25,-33,-34,-27,-41,0,0,0,-20,-20,-20,-7,-20,-21,-42,-44,-98,-101,-158,-150,-161,-163,-170,-172,-571,-532,-561,-561,-649,-636,-802,-802,-674,-777,-719,-680,-668,-516,-58,0,0,0,-1182,-66,-348,-348,-726,-348,-348,-348,-348,-348,-348,-348,-348,0,0,0,0,0,-29974,0,0,0,-29970,-29971,-29973,-29974,-29989,-29990,-29990,-29991,-29995,-29996,-29998,-29999]} 1. d4 Nf6 2. c4 c5 3. d5 b5 4. Nd2 bxc4 5. e4 e6 6. dxe6 {A57: Benko/Volga Gambit.} dxe6 7. e5 Nd5 8. Nxc4 {Black is slightly better.} Be7 9. Nf3 O-O 10. Be2 Nc6 11. O-O Bb7 12. Bd2 {[#]} Rc8 $146 ({Predecessor:} 12... Qc7 13. Rc1 Rfd8 14. Qc2 Rac8 15. Rfe1 Nb6 16. h3 Nxc4 17. Bxc4 Nb4 18. Qc3 Bxf3 19. gxf3 {0-1 (39) Schenk,A (2463)-Zaragatski,I (2502) Germany 2017}) 13. Rc1 h6 14. Bd3 Ndb4 15. Bb1 $1 {With the idea a3.} Nd4 16. Nxd4 Qxd4 17. a3 Nd3 18. Bc3 Qe4 $36 {[%csl Gb7][%cal Re4g2][%mdl 2048] Black has good play.} 19. f3 Qxc4 20. Bxd3 Qf4 21. Qe2 c4 22. Bc2 Rfd8 23. Rcd1 Bc5+ 24. Kh1 h5 25. Be4 Rxd1 26. Rxd1 Bxe4 27. fxe4 Qg4 28. Qf3 Rb8 29. h3 Qxf3 30. gxf3 $11 {[%mdl 4096] Endgame KRB-KRB} Rb3 {Black wants to play ...Bxa3!} 31. Rc1 Be3 32. Rc2 g5 33. Kg2 Kg7 34. Kf1 Kg6 35. Ke2 Bc5 36. Rc1 a5 37. Rc2 a4 38. Rc1 Bb6 39. Rc2 Rb5 40. Rc1 Bc7 41. Ke3 ({Only move:} 41. f4 $1 $15) 41... f5 42. Kd4 (42. Bb4 $142) 42... Bxe5+ $17 43. Kxc4 Rb8 44. Rg1 Kf6 45. Bxe5+ $2 (45. exf5 Bxc3 46. bxc3 exf5 47. Kd4) 45... Kxe5 $19 46. Rxg5 Rxb2 47. Rxh5 {KR-KR} Rb3 48. exf5 exf5 49. Rh8 Rxa3 50. Kb4 Rxf3 51. Kxa4 Rc3 52. h4 f4 (52... Rh3 $15) 53. h5 $1 $11 Rc7 54. Kb3 $2 {[%mdl 8192]} (54. h6 $11) 54... Ke4 $2 (54... f3 $19 55. Rf8 Ke4) 55. h6 $2 {[%mdl 8192]} (55. Re8+ $1 $15 Kf5 56. Rf8+ Kg5 57. Kb4) 55... f3 $1 $19 56. Rf8 $2 (56. Re8+ Kd3 57. Rd8+ Ke2 58. Re8+ Kd2 59. Rd8+ Ke2 60. Re8+ Kf1 61. Rg8) 56... Ke3 (56... Re7 $142 {Threatens to win with ...Ke3.} 57. Kc2 Ke3) 57. Re8+ Kd3 58. Rd8+ Ke2 $1 59. Re8+ Kf1 $1 60. Rg8 {intending Rg7.} Rh7 $2 (60... f2 $1 $19 61. Rg7 Ke2 62. Rxc7 f1=Q) 61. Rg6 $1 $11 f2 62. Kc3 Rh8 (62... Ke1 $5 63. Re6+ $8 Kf1 $11) 63. Kd4 $2 {[%mdl 8192] [#]} (63. Kd3 $11) 63... Rd8+ $2 (63... Rf8 $1 {mates} 64. Rb6 Kg1 65. Rb1+ f1=Q 66. Rxf1+ Kxf1 67. Ke5 Kf2 68. Ke6 Rh8 69. Ke5 Rxh6 70. Ke4 Rh4+ 71. Ke5 Ke3 72. Kd6 Ke4 73. Kc5 Ke5 74. Kc6 Rc4+ 75. Kb5 Kd5 76. Kb6 Rc5 77. Kb7 Kd6 78. Kb6 Rd5 79. Kb7 Rb5+ 80. Ka6 Kc6 81. Ka7 Rh5 82. Kb8 Ra5 83. Kc8 Ra8#) 64. Kc3 $1 Re8 65. h7 $2 {[%mdl 8192]} (65. Kd2 $11) 65... Ke2 {Black mates.} 66. Rg8 {[#]} Re3+ $1 67. Kc4 f1=Q 68. h8=Q Qf7+ 69. Kd4 Rd3+ 70. Ke5 Rd5+ {Accuracy: White = 69%, Black = 79%.} 0-1